[Event "BCF-chT3N 1920 (4NCL)"]
[Site "England"]
[Date "2020.02.08"]
[Round "5.54"]
[White "Turner, John M"]
[Black "Grindrod, John"]
[Result "1/2-1/2"]
[WhiteElo "2020"]
[BlackElo "1675"]
[PlyCount "111"]
[EventDate "2019.11.09"]
[EventType "team-swiss"]
[EventRounds "11"]
[EventCountry "ENG"]
[SourceTitle "EXT 2022"]
[Source "ChessBase"]
[SourceDate "2021.10.06"]
[SourceVersion "1"]
[SourceVersionDate "2021.10.06"]
[SourceQuality "1"]
[WhiteTeam "J'Adoube"]
[BlackTeam "Manchester Manticores IV"]
[WhiteTeamCountry "ENG"]
[BlackTeamCountry "ENG"]

1. e4 e6 2. d4 d5 3. Nd2 dxe4 4. Nxe4 Nf6 5. Bg5 Be7 6. Bxf6 Bxf6 7. Nf3 0-0 8. c3 b6 9. Bd3 Bb7 10. 0-0 Nd7 11. Qe2 g6 12. Nxf6+ Qxf6 13. Ne5 Nxe5 14. dxe5 Qe7 15. Rad1 Rad8 16. f4 Qc5+ 17. Qf2 Qxf2+ 18. Kxf2 c5 19. g3 Bc6 20. Be2 Rfe8 21. Rxd8 Rxd8 22. Rd1 Rxd1 23. Bxd1 Kf8 24. b4 cxb4 25. cxb4 Ke7 26. Ke3 Kd7 27. Kd4 Bd5 28. a4 h5 29. Be2 Kc7 30. Bd3 Bc6 31. a5 Bd7 32. Be2 Bc6 33. g4 hxg4 34. Bxg4 Be8 35. Be2 Bc6 36. Kc4 Be8 37. Kd4 Bc6 38. h4 Be8 39. h5 gxh5 40. Bxh5 Kc6 41. Kc4 Kc7 42. Be2 Bc6 43. Bd3 Bd7 44. Kd4 Kc6 45. b5+ Kc7 46. a6 Kd8 47. Ke4 Ke7 48. Kf3 f5 49. Kg3 Kf7 50. Kh4 Ke7 51. Kg5 Be8 52. Be2 Bd7 53. Kg6 Be8+ 54. Kg7 Bd7 55. Bc4 Be8 56. Be2 1/2-1/2

[Event "BCF-chT3N 1920 (4NCL)"]
[Site "England"]
[Date "2019.11.09"]
[Round "1.23"]
[White "Lang, Adam R"]
[Black "Grindrod, John"]
[Result "1-0"]
[WhiteElo "2145"]
[BlackElo "1675"]
[PlyCount "149"]
[EventDate "2019.11.09"]
[EventType "team-swiss"]
[EventRounds "11"]
[EventCountry "ENG"]
[SourceTitle "EXT 2022"]
[Source "ChessBase"]
[SourceDate "2021.10.06"]
[SourceVersion "1"]
[SourceVersionDate "2021.10.06"]
[SourceQuality "1"]
[WhiteTeam "Bradford DCA Knights"]
[BlackTeam "Manchester Manticores IV"]
[WhiteTeamCountry "ENG"]
[BlackTeamCountry "ENG"]

1. e4 e6 2. d4 d5 3. Nc3 Nf6 4. Bg5 Be7 5. e5 Nfd7 6. Bxe7 Qxe7 7. f4 a6 8. Nf3 c5 9. Be2 Nc6 10. Qd2 Nxd4 11. Nxd4 cxd4 12. Qxd4 Qc5 13. 0-0-0 Qxd4 14. Rxd4 g6 15. Nd1 b5 16. Ne3 h5 17. h4 Bb7 18. c3 Ke7 19. Kd2 Rac8 20. Ra1 Nc5 21. Bd3 Rc7 22. Bc2 Bc6 23. Ke2 Bd7 24. Rad1 Rhc8 25. Kf3 Rh8 26. Rh1 Rcc8 27. Nd1 Bc6 28. Nf2 Nd7 29. Nd3 a5 30. Ra1 Nb6 31. Ke2 Rhd8 32. g3 Bd7 33. Rc1 Rc7 34. Bb1 Rdc8 35. Rg1 Rh8 36. Rg2 Rcc8 37. Kd1 Nc4 38. Re2 Rc7 39. Ke1 Rcc8 40. Kf2 Bc6 41. a3 Bd7 42. Ba2 Nb6 43. Bb3 Be8 44. Ne1 Bd7 45. Nf3 Bc6 46. Rd1 Nd7 47. Nd4 Nc5 48. Bc2 Bd7 49. Bd3 Rb8 50. Ke3 Na4 51. Rc1 Nc5 52. Rec2 Rhc8 53. b4 Nxd3 54. Kxd3 a4 55. Nf3 Rc4 56. Kd2 Rbc8 57. Ne1 R4c7 58. Nd3 Bc6 59. Nc5 Rd8 60. Ke3 Rcc8 61. Kd4 Ba8 62. Rg1 Rh8 63. Rh2 Kd8 64. g4 Kc7 65. f5 Rce8 66. fxg6 fxg6 67. gxh5 gxh5 68. Rf2 Re7 69. Rg7 Kd8 70. Rf6 Rhe8 71. Rxe7 Rxe7 72. Rf8+ Re8 73. Nxe6+ Kd7 74. Rxe8 Kxe8 75. Nc7+ 1-0

[Event "BCF-chT3N 1718 (4NCL)"]
[Site "England"]
[Date "2018.02.11"]
[Round "6.71"]
[White "Bak, Andrew"]
[Black "Grindrod, John"]
[Result "1-0"]
[WhiteElo "1996"]
[BlackElo "1677"]
[PlyCount "100"]
[EventDate "2017.11.11"]
[EventType "team-swiss"]
[EventRounds "11"]
[EventCountry "ENG"]
[SourceTitle "EXT 2020"]
[Source "ChessBase"]
[SourceDate "2019.10.17"]
[SourceVersion "1"]
[SourceVersionDate "2019.10.17"]
[SourceQuality "1"]
[WhiteTeam "Bradford DCA Knights II"]
[BlackTeam "Manchester Manticores IV"]
[WhiteTeamCountry "ENG"]
[BlackTeamCountry "ENG"]

1. e4 e6 2. d4 d5 3. Nc3 Nf6 4. e5 Nfd7 5. f4 a6 6. Nf3 c5 7. Be3 Nc6 8. Qd2 h6 9. Qf2 Qb6 10. Nd1 cxd4 11. Nxd4 Nxd4 12. Bxd4 Bc5 13. c3 Bxd4 14. cxd4 Qb4+ 15. Nc3 Nb8 16. 0-0-0 Bd7 17. h4 Nc6 18. Rh3 Ne7 19. h5 0-0-0 20. g4 Kb8 21. Kb1 Rc8 22. Ka1 Rhf8 23. Rf3 Qa5 24. f5 exf5 25. gxf5 Bxf5 26. Qg3 Be6 27. Qxg7 Nf5 28. Qg1 Rg8 29. Qf2 Rg5 30. Bh3 Ng7 31. Rg1 Qd8 32. Bxe6 fxe6 33. Rf6 Rf5 34. Qe3 Rxf6 35. exf6 Qxf6 36. a3 Nxh5 37. Rh1 Qg6 38. Qe5+ Ka7 39. Qxh5 Qd3 40. Rd1 Qe3 41. Qe2 Qh3 42. Na4 b6 43. Nc3 h5 44. Rd3 Qf5 45. Rf3 Qg6 46. Qe5 Qe8 47. Rf6 Rc6 48. Nxd5 Rc1+ 49. Ka2 Qc6 50. Rf7+ Ka8 1-0